000 00720nam a22002177a 4500
001 114016
003 DR-UNIBE
005 20260528062607.0
008 250805b2003 xxu||||| |||| 00| 0 spa d
040 _aBIBLIOTECA UNIBE
_bspa
_cBIBLIOTECA UNIBE
041 _aspa
082 _aF 5699
110 _aFondo de las Naciones Unidas para la Infancia (UNICEF)
_949698
245 1 4 _aLos objetivos de desarrollo para el milenio :
_btienen que ver con los niños
260 _aNew York :
_bFondo de las Naciones Unidas para la Infancia (UNICEF),
_c2003
300 _a28 páginas
650 _2lemb
_aNiños
650 _2lemb
_aDesarrollo infantil
_92371
650 _2lemb
_aDesarrollo de la comunidad
942 _2ddc
_cMX
999 _c114016
_d114016